Ultimate 2010s Songs Quiz - Statistics

General Stats
  • This quiz has been taken 600 times
  • The average score is 39 of 80
Answer Stats
Song Artist / Band % Correct
Chandelier Sia
94%
Roar Katy Perry
91%
Wrecking Ball Miley Cyrus
90%
Just The Way You Are Bruno Mars
87%
Thank U, Next Ariana Grande
86%
Havana Camila Cabello
84%
Thinking Out Loud Ed Sheeran
84%
Bad Guy Billie Eilish
83%
Love Yourself Justin Bieber
83%
All About That Bass Meghan Trainor
83%
Timber Pitbull
83%
Gangnam Style PSY
83%
Stressed Out Twenty One Pilots
83%
Call Me Maybe Carly Rae Jepsen
82%
Take Me To Church Hozier
82%
Happy Pharrell Williams
82%
Can't Stop The Feeling Justin Timberlake
81%
Royals Lorde
80%
Story Of My Life One Direction
79%
All Of Me John Legend
76%
Shallow Lady Gaga & Bradley Cooper
75%
Somebody That I Used To Know Gotye
72%
Party Rock Anthem LMFAO
71%
A Sky Full Of Stars Coldplay
68%
Sign Of The Times Harry Styles
67%
Humble Kendrick Lamar
67%
Get Lucky Daft Punk
66%
There's Nothing Holdin' Me Back Shawn Mendes
66%
Uptown Funk Mark Ronson
65%
Love Me Like You Do Ellie Goulding
64%
We Are Young Fun
62%
Memories Maroon 5
62%
Girl On Fire Alicia Keys
61%
Price Tag Jessie J
61%
Blurred Lines Robin Thicke
61%
Whistle Flo Rida
60%
Let Her Go Passenger
60%
Love On The Brain Rihanna
60%
When We Were Young Adele
57%
Sweet But Psycho Ava Max
55%
I Feel It Coming The Weeknd
55%
Passionfruit Drake
53%
On Top Of The World Imagine Dragons
53%
I'm Not The Only One Sam Smith
50%
Video Games Lana Del Rey
48%
Pumped Up Kicks Foster The People
45%
Ho Hey Lumineers
45%
Say You Won't Let Go James Arthur
40%
Another Love Tom Odell
40%
Try Pink
39%
Shotgun George Ezra
37%
Feel It Still Portugal The Man
37%
Hall Of Fame Script
31%
House of Memories Panic! At The Disco
30%
Black Skinhead Kanye West
29%
I WIll Wait Mumford & Sons
29%
Love Runs Out OneRepublic
29%
Ex's & Oh's Elle King
28%
Human Rag'n'Bone Man
28%
Stereo Hearts Gym Class Heroes
27%
Little Talks Of Monsters and Men
27%
Say Something A Great Big World
22%
Sail Awolnation
22%
Sick Boy Chainsmokers
17%
Renegades X Ambassadors
16%
Prayer in C Lilly Wood and the Prick
15%
Read All About It Pt. III Emeli Sandé
14%
She Doesn't Mind Sean Paul
13%
All I Want Kodaline
8%
Run Boy Run Woodkid
7%
Too Close Alex Clare
6%
The Suburbs Arcade Fire
6%
Spirits Strumbellas
6%
She Said Plan B
5%
You Want It Darker Leonard Cohen
4%
Say Something Loving The xx
4%
Gotta Get Away Black Keys
3%
First Cold War Kids
2%
Sanctuary Welshly Arms
1%
All Eyes On You St. Lucia
0%
No matching quizzes found
Score Distribution
Percent of People with Each Score
Percentile by Number Answered
Your Score History
You have not taken this quiz